BEHAVIOR MANAGEMENT APPLICATIONS FOR TEA (Record no. 15385)
[ view plain ]
| 000 -LEADER | |
|---|---|
| fixed length control field | 00373nam a2200133Ia 4500 |
| 008 - FIXED-LENGTH DATA ELEMENTS--GENERAL INFORMATION | |
| fixed length control field | 240624s9999 xx 000 0 und d |
| 041 ## - LANGUAGE CODE | |
| Language code of text/sound track or separate title | eng |
| 082 ## - DEWEY DECIMAL CLASSIFICATION NUMBER | |
| Classification number | 371.15 ZIR |
| 100 ## - MAIN ENTRY--PERSONAL NAME | |
| Personal name | ZIRPOLI THOMAS J |
| 245 ## - TITLE STATEMENT | |
| Title | BEHAVIOR MANAGEMENT APPLICATIONS FOR TEA |
| 260 ## - PUBLICATION, DISTRIBUTION, ETC. | |
| Date of publication, distribution, etc. | 2005 |
| Place of publication, distribution, etc. | New Jersey |
| Name of publisher, distributor, etc. | Pearson Merrill Prentice Hall |
| 300 ## - PHYSICAL DESCRIPTION | |
| Extent | xix, : 550 : p. : cm. ; 23 |
| 365 ## - TRADE PRICE | |
| Currency code | |
| Price amount | 30 |
| Withdrawn status | Lost status | Damaged status | Not for loan | Home library | Current library | Shelving location | Date acquired | Source of acquisition | Cost, normal purchase price | Full call number | Barcode | Date last seen | Copy number | Price effective from | Koha item type |
|---|---|---|---|---|---|---|---|---|---|---|---|---|---|---|---|
| IMTN | IMTN | Rack 16-B | 08/19/2010 | IBH | 86.33 | 371.15 ZIR | 15385 | 06/24/2024 | 49.4 | 06/24/2024 | Books |